=LDR 00000nam 2200000 4500 =001 INLIS000000000022361 =005 20130612121127 =008 ***********************************Ind** =035 ##$$0010-061300000022361 =041 ##$$a Ind =082 ##$$a 297.6 =090 ##$$a 297.6, Alf p =100 ##$$a Al Fauzan, Abdullah bin Shalih =245 ##$$a Perhiasan wanita muslimah, Abdullah bin Shalih Al Fauzan =260 ##$$a 2003 $b Jakarta =300 ##$$a 233 hlm, ilus, 21 cm =650 ##$$a Budaya Islam =850 ##$$a NBPNMAT